00751cam a2200217 a 450000100100000000500170001000800410002702000150006803500190008304000350010208200170013710000330015424501450018726000370033230000210036960000330039065000240042365000360044783000240048383000260050700001744120200929165119.0790712s1978 sp 000 p spa d a8432295272 a(DLC) 79358177 aDO-SdBNPbspacDLCdDLCdBNPHU a861.6bA334p1 aAlberti, Rafael,d1902-1999.10aPoemas anteriores a "Marinero en tierra" :bmarinero en tierra : la amante : dos estampidas reales : el alba del alhelí /cRafael Alberti. aBarcelona :bSeix Barral,c1978. a408 p. ;c20 cm.10aALBERTI, RAFAEL,d1902-1999. 4aPoesía española 4aLiteratura españolaySIGLO XX 0aBiblioteca brevev6 0aBiblioteca breve ;v6